| 000 | 01908nam a2200313Ia 4500 | ||
|---|---|---|---|
| 999 |
_c53803 _d53803 |
||
| 001 | 20854 | ||
| 003 | GE_BSU | ||
| 005 | 20210514115846.0 | ||
| 008 | 181216s ||||ge |||||||||||||| ||geo|| | ||
| 020 | _a9789941182419 | ||
| 040 | _cGE_BSU | ||
| 041 | _ageo | ||
| 080 | _a111.84 ს-33 | ||
| 100 |
_aსაფრანსკი, რიუდიგერ _911791 |
||
| 245 |
_aბოროტება ანუ თავისუფლების დრამა / _cრიუდიგერ საფრანსკი ; გერმანულიდან თარგმნა ანა კორძაია-სამადაშვილმა ; სამეცნიერო რედაქტორი თამარ ცოფურაშვილი. |
||
| 264 |
_aთბილისი : _bილიას სახელმწ. უნ-ტი, _c2015. |
||
| 300 |
_a286 გვ. ; _c20 სმ. |
||
| 490 |
_aფილოსოფიური ბიბლიოთეკა _vწიგნი 5 |
||
| 500 | _aგარეკანზე ლუკას კრანახის (უფროსის) ”ედემის ბაღი” | ||
| 504 | _aბიბლ. გვ. 282-285 | ||
| 541 | _h8ლ. | ||
| 653 | _aბოროტება ანუ თავისუფლების დრამა | ||
| 653 | _aფილოსოფია | ||
| 700 |
_aკორძაია-სამადაშვილმა, ანა _eგერმანულიდან თარგმნა _911792 |
||
| 700 |
_aცოფურაშვილი, თამარ _eსამეცნიერო რედაქტორი _911793 |
||
| 710 |
_aილიას სახელმწიფო უნივერსიტეტი _911794 |
||
| 710 |
_aსავლე წერეთლის ფილოსოფიის ინსტიტუტი _911795 |
||
| 942 |
_cBK _2udc |
||